00473 2200169 4500001002100000005001700021035002500038090001800063245008600081250001000167260003500177300002300212504002700235650001700262850001200279990001200291YOGYA00000000006046220150427130309.0 a0010-081400000060179 a621.384 aml R aThe Radio Amateurs handbookb: the standard manual of amateur radio communication aEd. 3 aU.S.AbThe Rumford Pressc1956 a569 hlm. ;b21 cm. aBibliografi : hlm. 380 aRadio Amatir aYOPDYOG a54079-p